[Event "Sparkassen-Open A"]
[Site "Heusenstamm, Martinsee"]
[Date "2015.11.27"]
[Round "2.75"]
[White "Haftmann, Rainer"]
[Black "van Foreest, Pieter"]
[Result "1-0"]
[WhiteElo "1866"]
[BlackElo "1661"]
[PlyCount "135"]
[EventDate "2015.??.??"]
[WhiteTeam "SG Dietzenbach"]
[BlackTeam "vereinslos"]

1. e4 e5 2. Nf3 Nc6 3. Bb5 a6 4. Bxc6 dxc6 5. d4 exd4 6. Qxd4 Qxd4 7. Nxd4 Bc5
8. Nb3 Bb6 9. Bf4 Nf6 10. f3 Be6 11. N1d2 O-O-O 12. O-O-O Nh5 13. Be5 f6 14.
Bc3 Nf4 15. g3 Ne2+ 16. Kb1 Nxc3+ 17. bxc3 Rd7 18. Rhe1 Rhd8 19. Kc1 Bxb3 20.
cxb3 Rd3 21. Kc2 Bf2 22. Rf1 Be3 23. Nc4 Rxd1 24. Rxd1 Rxd1 25. Kxd1 Bg1 26. h3
Bh2 27. g4 Bf4 28. Ke2 Kd7 29. Ne3 Ke6 30. Ng2 Ke5 31. Ne1 g5 32. Nd3+ Kd6 33.
h4 h6 34. hxg5 hxg5 35. c4 Be5 36. Ke3 b6 37. f4 gxf4+ 38. Nxf4 c5 39. a4 c6
40. Kf3 Kd7 41. Nh5 Ke6 42. Ng7+ Kf7 43. Nf5 Ke6 44. Ne3 Kf7 45. Ng2 Ke6 46.
Ne1 Kf7 47. Nd3 Bd6 48. Ke3 Kg6 49. Kf3 Kf7 50. e5 fxe5 51. Ke4 Kf6 52. g5+
Kxg5 53. Nxe5 Kf6 54. Nxc6 Ke6 55. a5 bxa5 56. Nxa5 Bc7 57. Nc6 Bd6 58. Nd8+
Ke7 59. Kd5 Kd7 60. Nb7 Bf8 61. Nxc5+ Kc8 62. Nxa6 Kb7 63. Nc5+ Kc8 64. Kc6 Be7
65. b4 Bf8 66. b5 Be7 67. b6 Kb8 68. Nd7+ 1-0

[Event "Sparkassen-Open A"]
[Site "Heusenstamm, Martinsee"]
[Date "2015.11.27"]
[Round "2.76"]
[White "Papadopoulos, Ioannis"]
[Black "Blosze, Winfried"]
[Result "1-0"]
[WhiteElo "1656"]
[BlackElo "1865"]
[PlyCount "53"]
[EventDate "2015.??.??"]
[WhiteTeam "SV Oberursel"]
[BlackTeam "SV Großauheim"]

1. e4 e5 2. Nf3 Nf6 3. Nxe5 d6 4. Nf3 Nxe4 5. Nc3 Nxc3 6. dxc3 Be7 7. Be3 Nc6
8. Qd2 Bg4 9. Be2 Qd7 10. O-O-O a6 11. Rhe1 h6 12. Nd4 Bxe2 13. Qxe2 O-O-O 14.
Nxc6 Qxc6 15. Qg4+ Kb8 16. Ba7+ Kxa7 17. Rxe7 g5 18. Rxf7 h5 19. Qxg5 Qc4 20.
Qd5 Qxd5 21. Rxd5 Kb6 22. Rg5 h4 23. Rgg7 Rc8 24. Rh7 Kc6 25. Kd2 b5 26. Kd3
Kb6 27. Rxc7 1-0

[Event "Sparkassen-Open A"]
[Site "Heusenstamm, Martinsee"]
[Date "2015.11.27"]
[Round "2.77"]
[White "Eg, Karlheinz"]
[Black "Kornilov, Alexander"]
[Result "1-0"]
[WhiteElo "1861"]
[BlackElo "1653"]
[PlyCount "125"]
[EventDate "2015.??.??"]
[WhiteTeam "SV Rüsselsheim"]
[BlackTeam "SC Butzbach"]

1. e4 c5 2. Nf3 Nc6 3. d4 cxd4 4. Nxd4 e6 5. c4 Nf6 6. Nc3 Bb4 7. Nxc6 bxc6 8.
e5 Ne4 9. Qg4 Nxc3 10. Bd2 g6 11. bxc3 Bc5 12. Bd3 f5 13. exf6 Qxf6 14. O-O d5
15. cxd5 exd5 16. Rfe1+ Kf7 17. Qa4 Bd7 18. Be3 Qxc3 19. Qf4+ Kg8 20. Rec1 Qxd3
21. Bxc5 h5 22. Bd4 Rh7 23. Rc3 Qe4 24. Qd2 h4 25. Re1 Qf5 26. Re5 Qb1+ 27. Rc1
Qb5 28. Qg5 Qd3 29. Ba1 Rb8 30. Ree1 Qf5 31. Qe3 h3 32. g3 Re8 33. Qc3 Rf8 34.
Re2 Qf3 35. Qxf3 Rxf3 36. Rce1 Rhf7 37. Bd4 a6 38. Re5 Rd3 39. Be3 Ra3 40. Re2
Rc3 41. Re1 Rc2 42. a3 Rc4 43. Rd1 Re4 44. Rxe4 dxe4 45. Kf1 Bg4 46. Rd6 Rd7
47. Rxg6+ Rg7 48. Rxc6 Kh7 49. Rh6+ Kg8 50. Rxa6 Rd7 51. Rg6+ Rg7 52. Rxg7+
Kxg7 53. Ke1 Kf7 54. Kd2 Ke6 55. a4 Kd6 56. a5 Kc7 57. a6 Kb8 58. a7+ Ka8 59.
Bd4 Kb7 60. Ke3 Bf5 61. Kf4 Bh7 62. Be3 Ka8 63. Kg4 1-0

[Event "Sparkassen-Open A"]
[Site "Heusenstamm, Martinsee"]
[Date "2015.11.27"]
[Round "2.78"]
[White "Weber, Detlef"]
[Black "Larem, Peter"]
[Result "0-1"]
[WhiteElo "1644"]
[BlackElo "1860"]
[PlyCount "60"]
[EventDate "2015.??.??"]
[WhiteTeam "SC Höxter"]
[BlackTeam "SG Rödermark"]

1. e4 e5 2. Nf3 Nf6 3. Bc4 Nxe4 4. Nc3 Nxc3 5. dxc3 f6 6. Nh4 g6 7. g4 d6 8.
Qf3 Qe7 9. Be3 Nc6 10. Bd5 Nd8 11. O-O-O c6 12. Bb3 f5 13. g5 Be6 14. Ng2 Bxb3
15. cxb3 Ne6 16. h4 Bg7 17. Rhe1 O-O 18. Bd2 a5 19. Qe2 Qf7 20. f4 e4 21. Be3
d5 22. Rh1 a4 23. b4 a3 24. Kc2 axb2 25. Kxb2 d4 26. Qc4 dxc3+ 27. Kc2 b5 28.
Qb3 Rfd8 29. Rhe1 Nd4+ 30. Bxd4 Rxa2+ 0-1

[Event "Sparkassen-Open A"]
[Site "Heusenstamm, Martinsee"]
[Date "2015.11.27"]
[Round "2.79"]
[White "Deppe, Leo"]
[Black "Schwarz, Matthias"]
[Result "1-0"]
[WhiteElo "1852"]
[BlackElo "1641"]
[PlyCount "55"]
[EventDate "2015.??.??"]
[WhiteTeam "SC Bad Soden"]
[BlackTeam "SG Idstein"]

1. d4 Nf6 2. c4 e6 3. Nc3 Bb4 4. Qc2 d6 5. Bg5 Bxc3+ 6. Qxc3 Qe7 7. e3 O-O 8.
Bd3 Re8 9. e4 e5 10. d5 h6 11. Bd2 Nbd7 12. b4 b6 13. Ne2 a5 14. b5 Nc5 15. Ng3
Bg4 16. h3 Bh5 17. Nf5 Qd7 18. f3 Bg6 19. g4 Nh7 20. h4 Qd8 21. O-O-O a4 22.
Rdg1 Ra7 23. Be3 Qa8 24. Bc2 a3 25. Qd2 Na4 26. Bxh6 Nb2 27. Bxg7 Bxf5 28. gxf5
1-0

[Event "Sparkassen-Open A"]
[Site "Heusenstamm, Martinsee"]
[Date "2015.11.27"]
[Round "2.80"]
[White "Ciesla, Daniel"]
[Black "von Kortzfleisch, Ruben"]
[Result "1-0"]
[WhiteElo "1848"]
[BlackElo "1379"]
[PlyCount "99"]
[EventDate "2015.??.??"]
[WhiteTeam "SG Hermeskeil"]
[BlackTeam "SF Bad Mergentheim"]

1. d4 d5 2. Nc3 Nc6 3. e4 dxe4 4. d5 Ne5 5. Qd4 Ng6 6. Qxe4 Nf6 7. Qa4+ Bd7 8.
Bb5 a6 9. Bxd7+ Qxd7 10. Qxd7+ Kxd7 11. Be3 Re8 12. Rd1 Kc8 13. Nf3 e5 14. dxe6
Rxe6 15. O-O Bb4 16. Nd5 Nxd5 17. Rxd5 Rhe8 18. Rfd1 R6e7 19. g3 Ne5 20. Nxe5
Rxe5 21. c3 Bd6 22. Kg2 g6 23. Rxe5 Rxe5 24. Rd2 Kd7 25. Bf4 Re6 26. Kf3 f5 27.
h4 Ke7 28. Bxd6+ Rxd6 29. Rxd6 Kxd6 30. Kf4 Ke6 31. Kg5 Kf7 32. Kh6 Kg8 33. h5
Kf7 34. f4 Kf6 35. Kxh7 gxh5 36. Kh6 c6 37. Kxh5 b6 38. g4 fxg4 39. Kxg4 a5 40.
Kf3 Kf5 41. Ke3 Ke6 42. Ke4 b5 43. Kd4 Kd6 44. f5 c5+ 45. Ke4 b4 46. a3 b3 47.
c4 a4 48. Kf4 Kc7 49. Ke5 Kc6 50. Ke6 1-0

[Event "Sparkassen-Open A"]
[Site "Heusenstamm, Martinsee"]
[Date "2015.11.27"]
[Round "2.81"]
[White "Köllner, Aaron Noah"]
[Black "Libuda, Thomas"]
[Result "1-0"]
[WhiteElo "1632"]
[BlackElo "1846"]
[PlyCount "55"]
[EventDate "2015.??.??"]
[WhiteTeam "SV Bergneustadt/Derschlag"]
[BlackTeam "1. Hainstadter SC"]

1. e4 g6 2. d4 Bg7 3. c4 d6 4. Nc3 Nf6 5. Be2 O-O 6. f4 Na6 7. Nf3 c5 8. d5 Bg4
9. O-O Nc7 10. h3 Bxf3 11. Bxf3 Rb8 12. Qc2 b5 13. Nxb5 Nxb5 14. cxb5 Rxb5 15.
Qe2 Qb8 16. e5 dxe5 17. fxe5 Nd7 18. e6 Ne5 19. Bf4 fxe6 20. Bg4 Rxb2 21. Bxe6+
Kh8 22. Bxe5 Rxe2 23. Bxb8 Rxb8 24. Rab1 Bd4+ 25. Kh1 Rxb1 26. Rxb1 Rxa2 27. d6
exd6 28. Bxa2 1-0

[Event "Sparkassen-Open A"]
[Site "Heusenstamm, Martinsee"]
[Date "2015.11.27"]
[Round "2.82"]
[White "Berner, Manfred"]
[Black "Friedel, Thomas"]
[Result "1-0"]
[WhiteElo "1761"]
[BlackElo "1615"]
[PlyCount "135"]
[EventDate "2015.??.??"]
[WhiteTeam "Sfr. Kelkheim"]
[BlackTeam "SV Groß Gerau"]

1. e4 e5 2. Nf3 Nc6 3. Bb5 Bc5 4. Bxc6 dxc6 5. O-O Bg4 6. d3 f6 7. Be3 Bxe3 8.
fxe3 c5 9. Qe1 Ne7 10. Qh4 Qd7 11. Nc3 O-O-O 12. a4 Nc6 13. Na2 Be6 14. b3 Qf7
15. Rab1 Qg6 16. Qe1 Kb8 17. Qc3 b6 18. Qe1 Qf7 19. Ng5 Qe7 20. Nxe6 Qxe6 21.
Rb2 a5 22. Qf2 Qg4 23. Rbb1 Ne7 24. Qf3 Qxf3 25. Rxf3 Nc6 26. Kf2 Rd7 27. Ke2
Rhd8 28. Rff1 Ka7 29. g4 h6 30. Rf2 Ne7 31. Rh1 Rh8 32. Rg2 Nc8 33. Nc3 c6 34.
h4 Nd6 35. Nd1 Kb7 36. Nf2 Kc7 37. Rd1 Rhd8 38. g5 hxg5 39. hxg5 f5 40. exf5
Nxf5 41. Rh1 b5 42. Ra1 b4 43. Ne4 Kb6 44. Rf1 Nd6 45. Nxd6 Rxd6 46. e4 g6 47.
Rh2 Rg8 48. Rh7 Re6 49. Rff7 c4 50. bxc4 c5 51. Re7 Re8 52. Rxe8 Rxe8 53. Rf7
Re6 54. Rf6 Rc6 55. Kd2 Kc7 56. Rf7+ Kb6 57. Re7 Rd6 58. Rxe5 Kc6 59. Re8 Kc7
60. Ke3 Ra6 61. Re5 Rc6 62. Re8 Ra6 63. Rg8 Kd7 64. e5 Re6 65. Ke4 Kc6 66. Ra8
Kb6 67. Kd5 Rc6 68. Ra6+ 1-0

[Event "Sparkassen-Open A"]
[Site "Heusenstamm, Martinsee"]
[Date "2015.11.27"]
[Round "2.83"]
[White "Bitzer, Andre"]
[Black "Christen, Stefan"]
[Result "0-1"]
[WhiteElo "1617"]
[BlackElo "1820"]
[PlyCount "50"]
[EventDate "2015.??.??"]
[WhiteTeam "SV Griesheim"]
[BlackTeam "SV Wesel"]

1. b3 c5 2. Bb2 b6 3. e3 Nf6 4. f4 Bb7 5. Nf3 e6 6. Bd3 a6 7. O-O Be7 8. c4 Qc7
9. Qc2 d6 10. Nc3 Nbd7 11. e4 h5 12. Rae1 h4 13. Ng5 Qc6 14. Re2 Nh5 15. e5
Nxf4 16. Rxf4 Bxg5 17. Be4 Qc8 18. Rg4 Bh6 19. Bxb7 Qxb7 20. exd6 Nf6 21. Nd5
Nxg4 22. Qf5 O-O 23. Ne7+ Qxe7 24. Qxg4 Qxd6 25. Qxh4 Qd3 0-1

[Event "Sparkassen-Open A"]
[Site "Heusenstamm, Martinsee"]
[Date "2015.11.27"]
[Round "2.84"]
[White "Lessmann, Sven"]
[Black "Schellen, Sven"]
[Result "0-1"]
[WhiteElo "1593"]
[BlackElo "1813"]
[PlyCount "54"]
[EventDate "2015.??.??"]
[WhiteTeam "SC Bad Soden"]
[BlackTeam "SF Frankfurt"]

1. d4 d5 2. c4 e6 3. Nc3 Nf6 4. Nf3 c5 5. e3 Nc6 6. Be2 Bd6 7. O-O O-O 8. a3 a6
9. dxc5 Bxc5 10. b4 Ba7 11. c5 Qe7 12. Bb2 Rd8 13. Nd4 Bd7 14. Bd3 e5 15. Nf5
Bxf5 16. Bxf5 d4 17. exd4 Nxd4 18. Bd3 Rd7 19. Bc4 Rad8 20. Qb1 Bb8 21. Ne4
Nxe4 22. Qxe4 Kh8 23. g4 Qh4 24. Qg2 e4 25. Bxd4 Rxd4 26. Bxf7 e3 27. f3 Rd2
0-1

[Event "Sparkassen-Open A"]
[Site "Heusenstamm, Martinsee"]
[Date "2015.11.27"]
[Round "2.85"]
[White "van Foreest, Machteld"]
[Black "Jordake, Michael"]
[Result "0-1"]
[WhiteElo "1592"]
[BlackElo "1810"]
[PlyCount "86"]
[EventDate "2015.??.??"]
[WhiteTeam "Schaakclub Haren"]
[BlackTeam "SC Bergen-Enkheim"]

1. e4 e5 2. Nf3 Nc6 3. Bc4 Nf6 4. d3 Bc5 5. c3 d6 6. Bb3 a6 7. Bc2 Ba7 8. d4
Bg4 9. d5 Ne7 10. h3 Bd7 11. O-O Ng6 12. Be3 O-O 13. Nbd2 h6 14. Re1 Nh7 15.
Qe2 Nf4 16. Bxf4 exf4 17. Qd3 g6 18. e5 Bf5 19. Ne4 dxe5 20. Nxe5 Ng5 21. Qd2
f3 22. Nxg5 Qxg5 23. Qxg5 hxg5 24. Bxf5 gxf5 25. Nxf3 f6 26. Re7 Rf7 27. Rae1
Kf8 28. R7e6 Rd8 29. c4 Bc5 30. a3 a5 31. Nd2 Bd4 32. b3 Bc3 33. R1e2 Rdd7 34.
Re8+ Kg7 35. Nf3 g4 36. Nh4 gxh3 37. Nxf5+ Kg6 38. Nh4+ Kg5 39. Nf3+ Kf5 40.
gxh3 Rh7 41. R8e3 Rxh3 42. Rxc3 Rg7+ 43. Ng5 Rxc3 0-1

[Event "Sparkassen-Open A"]
[Site "Heusenstamm, Martinsee"]
[Date "2015.11.27"]
[Round "2.86"]
[White "Neubauer, Robert"]
[Black "Masoudi, Kian"]
[Result "1-0"]
[WhiteElo "1810"]
[BlackElo "1568"]
[PlyCount "97"]
[EventDate "2015.??.??"]
[WhiteTeam "SK Bad Homburg"]
[BlackTeam "SC Bergen-Enkheim"]

1. e4 e5 2. Nf3 Nc6 3. Bc4 Bc5 4. c3 Nf6 5. d4 exd4 6. e5 Ne4 7. Bd5 f5 8. cxd4
Bb4+ 9. Nbd2 Ne7 10. Bb3 d5 11. O-O O-O 12. Qe2 Kh8 13. Qb5 Nc6 14. Nxe4 fxe4
15. Bxd5 exf3 16. Bxc6 bxc6 17. Qxb4 fxg2 18. Kxg2 Be6 19. f4 Bd5+ 20. Kg3 Qe8
21. Rg1 Qg6+ 22. Kf2 Qc2+ 23. Kg3 h5 24. Bd2 g5 25. Qc3 gxf4+ 26. Kf2 Qe4 27.
Rg5 Rf5 28. Rag1 Raf8 29. Re1 Qxe1+ 30. Bxe1 Rxg5 31. Kf1 Re8 32. Bf2 f3 33. h4
Rg6 34. Qa5 Rge6 35. Qxc7 R8e7 36. Qd8+ Kg7 37. Qa5 Rb7 38. b3 Ree7 39. Qd2 Be4
40. Qg5+ Bg6 41. Qf6+ Kh7 42. Qxc6 Bd3+ 43. Ke1 Be2 44. d5 Rbc7 45. Qf6 Rf7 46.
Qg5 Rc2 47. Qxh5+ Kg8 48. Qg6+ Rg7 49. Qxc2 1-0

[Event "Sparkassen-Open A"]
[Site "Heusenstamm, Martinsee"]
[Date "2015.11.27"]
[Round "2.87"]
[White "Kabakci, Cem"]
[Black "Held, Maurice"]
[Result "1/2-1/2"]
[WhiteElo "1496"]
[BlackElo "1804"]
[PlyCount "91"]
[EventDate "2015.??.??"]
[WhiteTeam "SK Handschuhsheim"]
[BlackTeam "SC Ladja Roßdorf"]

1. e4 g6 2. d4 Bg7 3. Nf3 c5 4. Bc4 cxd4 5. Nxd4 Nc6 6. Be3 Nf6 7. Nc3 O-O 8.
h3 d6 9. Qd2 Bd7 10. Nf3 a6 11. Bh6 b5 12. Bxg7 Kxg7 13. Bd3 Rc8 14. h4 h5 15.
Ng5 b4 16. Nd5 a5 17. f4 Nxd5 18. exd5 Nd4 19. Bxg6 Kxg6 20. Qxd4 Rxc2 21. Ne6
Bxe6 22. dxe6 f5 23. Qd3 Qc8 24. O-O Rg8 25. Rf3 Qc5+ 26. Kh2 Kf6 27. Rg3 Rg4
28. Rxg4 hxg4 29. h5 Kg7 30. Qg3 Qf2 31. b3 Qxg3+ 32. Kxg3 Kh6 33. a3 Rc3+ 34.
Kh4 Rxb3 35. axb4 Rxb4 36. Rxa5 Rxf4 37. Ra7 Rf2 38. Rxe7 Rxg2 39. Rd7 Rh2+ 40.
Kg3 Re2 41. Rxd6 Kxh5 42. Kf4 Kh4 43. Kxf5 g3 44. e7 g2 45. Rh6+ Kg3 46. Rg6+
1/2-1/2

[Event "Sparkassen-Open A"]
[Site "Heusenstamm, Martinsee"]
[Date "2015.11.27"]
[Round "3.1"]
[White "Landa, Konstantin"]
[Black "Klundt, Klaus"]
[Result "1-0"]
[WhiteElo "2625"]
[BlackElo "2320"]
[PlyCount "77"]
[EventDate "2015.??.??"]
[WhiteTeam "SV Mülheim-Nord"]
[BlackTeam "SC Heusenstamm"]

1. d4 d5 2. c4 e6 3. Nf3 Nf6 4. g3 Bb4+ 5. Bd2 Be7 6. Bg2 O-O 7. O-O c6 8. Bf4
Nbd7 9. Nc3 dxc4 10. e4 Nh5 11. Be3 Nhf6 12. a4 Ng4 13. Bf4 e5 14. dxe5 Qa5 15.
e6 Nde5 16. h3 Nxf3+ 17. Qxf3 Ne5 18. Bxe5 Qxe5 19. exf7+ Rxf7 20. Qe2 Be6 21.
f4 Qd4+ 22. Kh2 Qd3 23. Qf2 Qd8 24. Rad1 Qa5 25. Qe2 Re8 26. e5 Bb4 27. Ne4 Be7
28. Qc2 Rd8 29. Rxd8+ Qxd8 30. Rd1 Qa5 31. Nd6 Rf8 32. Nxb7 Qb4 33. Bxc6 Rc8
34. Qg2 Rxc6 35. Qxc6 Qxb2+ 36. Kh1 Bxh3 37. Rd8+ Kf7 38. Qe8+ Ke6 39. Nc5+ 1-0

[Event "Sparkassen-Open A"]
[Site "Heusenstamm, Martinsee"]
[Date "2015.11.27"]
[Round "3.2"]
[White "van Foreest, Lucas"]
[Black "Feller, Sebastien"]
[Result "1/2-1/2"]
[WhiteElo "2299"]
[BlackElo "2622"]
[PlyCount "87"]
[EventDate "2015.??.??"]
[WhiteTeam "SK Turm Emsdetten"]
[BlackTeam "Thionville"]

1. e4 g6 2. c3 Bg7 3. d4 d6 4. Nf3 Nf6 5. Bd3 O-O 6. O-O Nc6 7. d5 Nb8 8. c4
Na6 9. Nc3 Nc5 10. Bc2 e5 11. b4 Na6 12. a3 Qe7 13. Bd2 Nh5 14. Ne1 Nb8 15. Rc1
b6 16. Bb1 Nd7 17. Nb5 Qd8 18. g3 Ndf6 19. Ng2 h6 20. Bd3 Bg4 21. Qc2 a6 22.
Nc3 Nd7 23. Be2 Bh3 24. Qd1 Nhf6 25. Re1 h5 26. Nh4 Nh7 27. Bf1 Bxf1 28. Rxf1
Bf6 29. Nf3 Bg7 30. Qe2 f5 31. Nh4 Qe8 32. exf5 gxf5 33. f4 exf4 34. Qe6+ Qxe6
35. dxe6 Ne5 36. gxf4 Nxc4 37. Nd5 Bd4+ 38. Kh1 Nxd2 39. Rg1+ Bxg1 40. Rxg1+
Kh8 41. Ng6+ Kg7 42. Nge7+ Kh8 43. Ng6+ Kg7 44. Nge7+ 1/2-1/2

[Event "Sparkassen-Open A"]
[Site "Heusenstamm, Martinsee"]
[Date "2015.11.27"]
[Round "3.3"]
[White "Sumets, Andrey"]
[Black "Schmitzer, Klaus"]
[Result "1-0"]
[WhiteElo "2583"]
[BlackElo "2285"]
[PlyCount "63"]
[EventDate "2015.??.??"]
[WhiteTeam "SF Lilienthal"]
[BlackTeam "Bad Vilbeler Sfr"]

1. d4 e6 2. e4 b6 3. Bd3 Bb7 4. Nf3 c5 5. c3 Nf6 6. Qe2 Be7 7. O-O Nc6 8. a3 d6
9. Re1 Qc7 10. Nbd2 O-O 11. Nf1 Rfe8 12. e5 Nd7 13. Bf4 Nf8 14. Rad1 cxd4 15.
cxd4 Ng6 16. Bg3 dxe5 17. dxe5 Red8 18. h4 Nf8 19. Ne3 Na5 20. b4 Nb3 21. Bc4
a5 22. Bxb3 Qc3 23. Rb1 axb4 24. axb4 Ra3 25. Rec1 Rxb3 26. Rxc3 Rxb1+ 27. Kh2
Bxb4 28. Rc7 Be4 29. Ng5 Re1 30. Qb2 Rb1 31. Qe2 Re1 32. Qc4 1-0

[Event "Sparkassen-Open A"]
[Site "Heusenstamm, Martinsee"]
[Date "2015.11.27"]
[Round "3.4"]
[White "Promyshlyanskyy, Vitaliy"]
[Black "Borovikov, Vladislav"]
[Result "0-1"]
[WhiteElo "2245"]
[BlackElo "2564"]
[PlyCount "96"]
[EventDate "2015.??.??"]
[WhiteTeam "SC Noris-Tarrasch Nürnberg"]
[BlackTeam "SC Siegburg"]

1. e4 c5 2. Nc3 d6 3. f4 g6 4. Nf3 Bg7 5. Bc4 Nc6 6. O-O e6 7. d3 Nge7 8. Qe1
O-O 9. f5 gxf5 10. Qh4 fxe4 11. dxe4 Nd4 12. Bg5 f6 13. Nxd4 cxd4 14. Bxf6 Bxf6
15. Rxf6 Ng6 16. Rxg6+ hxg6 17. Qh6 Qf6 18. Rf1 Qg7 19. Rxf8+ Kxf8 20. Qf4+ Ke7
21. Nb5 e5 22. Qg5+ Qf6 23. Qh6 Be6 24. Qh7+ Qf7 25. Qh4+ Kd7 26. Bxe6+ Kxe6
27. Qg4+ Kf6 28. b3 Rf8 29. Nxd6 Qe6 30. Qh4+ Kg7 31. Nc4 Qf6 32. Qe1 b5 33.
Nd2 Qf4 34. Nf3 Qe3+ 35. Kf1 Qxe1+ 36. Kxe1 Rf4 37. Nd2 Rf6 38. Nf3 Rc6 39. Kd2
Kf6 40. Ne1 Ra6 41. h4 Rxa2 42. g4 Ra1 43. Nf3 a5 44. g5+ Ke6 45. h5 gxh5 46.
g6 Rf1 47. g7 Rf2+ 48. Kc1 Rg2 0-1

[Event "Sparkassen-Open A"]
[Site "Heusenstamm, Martinsee"]
[Date "2015.11.27"]
[Round "3.5"]
[White "Künstler, Christian"]
[Black "Zubarev, Alexander"]
[Result "0-1"]
[WhiteElo "2223"]
[BlackElo "2540"]
[PlyCount "64"]
[EventDate "2015.??.??"]
[WhiteTeam "SF Neuberg"]
[BlackTeam "SC Siegburg"]

1. d4 Nf6 2. c4 e6 3. a3 d5 4. Nc3 c6 5. e3 Nbd7 6. Nf3 Bd6 7. b4 O-O 8. Bb2
dxc4 9. Bxc4 e5 10. O-O e4 11. Nd2 Nb6 12. Be2 Qe7 13. Qc2 Bf5 14. Rfc1 Rfe8
15. Nf1 Rac8 16. Nb1 h5 17. Nbd2 h4 18. Nb3 Nh7 19. Nc5 Nd5 20. Qb3 Ng5 21. Nd2
b6 22. Na6 Qe6 23. b5 Bh3 24. Bf1 Qf5 25. Rxc6 Rcd8 26. Nc4 Bxh2+ 27. Kxh2 Qxf2
28. Kh1 Nf3 29. gxf3 Bxf1 30. Rxf1 Qxf1+ 31. Kh2 Qf2+ 32. Kh1 exf3 0-1

[Event "Sparkassen-Open A"]
[Site "Heusenstamm, Martinsee"]
[Date "2015.11.27"]
[Round "3.6"]
[White "Sadzikowski, Daniel"]
[Black "Henrich, Thomas"]
[Result "1-0"]
[WhiteElo "2510"]
[BlackElo "2192"]
[PlyCount "105"]
[EventDate "2015.??.??"]
[WhiteTeam "SC Heusenstamm"]
[BlackTeam "SK Marburg"]

1. c4 e5 2. g3 Nc6 3. Bg2 f5 4. Nc3 Nf6 5. e3 Bc5 6. Nge2 Qe7 7. O-O e4 8. Nf4
Ne5 9. d4 exd3 10. b3 O-O 11. Bb2 c6 12. Nxd3 Bd6 13. a3 Bc7 14. a4 Nf7 15. a5
Rb8 16. a6 bxa6 17. Ba3 Bd6 18. Bxd6 Nxd6 19. Ne2 Nde4 20. Nd4 g6 21. b4 Ng4
22. Ra5 Re8 23. Qc1 Nd6 24. c5 Nf7 25. Qc4 Kg7 26. Qc3 Qf6 27. h3 Nge5 28. Nb2
Nd8 29. f4 Nef7 30. g4 fxg4 31. hxg4 Kg8 32. g5 Qe7 33. Nc4 Ne6 34. Nxe6 Qxe6
35. Rd1 Qg4 36. Rf1 Re4 37. Ra4 Re6 38. Qd4 h6 39. gxh6 Nxh6 40. Ne5 Qg3 41. e4
g5 42. fxg5 Qxg5 43. Nf3 Qg4 44. Nh2 Qg7 45. Qd2 Bb7 46. Kh1 Kh8 47. Ra3 Rg8
48. Rh3 Qg5 49. Qb2+ Kh7 50. e5 Qxe5 51. Qc2+ Kg7 52. Ng4 Qd4 53. Rd3 1-0

[Event "Sparkassen-Open A"]
[Site "Heusenstamm, Martinsee"]
[Date "2015.11.27"]
[Round "3.7"]
[White "Ramien, David"]
[Black "Kveinys, Aloyzas"]
[Result "0-1"]
[WhiteElo "2140"]
[BlackElo "2485"]
[PlyCount "60"]
[EventDate "2015.??.??"]
[WhiteTeam "SG Porz"]
[BlackTeam "Vilnius"]

1. e4 c5 2. Nf3 e6 3. d4 cxd4 4. Nxd4 a6 5. Nd2 d6 6. Bd3 Nf6 7. O-O Nbd7 8.
Kh1 g6 9. f4 Bg7 10. N4f3 O-O 11. Qe1 b5 12. a4 bxa4 13. Nc4 d5 14. exd5 Nxd5
15. Nfe5 Nc5 16. Bd2 Nxd3 17. Nxd3 Qc7 18. b3 axb3 19. cxb3 Bb7 20. Rc1 Rac8
21. Na5 Qb6 22. Nxb7 Qxb7 23. Nc5 Qb5 24. b4 a5 25. Qg3 axb4 26. Ne4 Rxc1 27.
Rxc1 b3 28. Nd6 Qa6 29. f5 b2 30. Rb1 exf5 0-1

[Event "Sparkassen-Open A"]
[Site "Heusenstamm, Martinsee"]
[Date "2015.11.27"]
[Round "3.8"]
[White "Milov, Leonid"]
[Black "Feldmann, Johannes"]
[Result "1-0"]
[WhiteElo "2471"]
[BlackElo "2145"]
[PlyCount "109"]
[EventDate "2015.??.??"]
[WhiteTeam "SC Noris-Tarrasch Nürnberg"]
[BlackTeam "SK Ludwigshafen"]

1. e4 e6 2. Nf3 d5 3. Nc3 Nf6 4. e5 Nfd7 5. d4 c5 6. Ne2 Nc6 7. c3 cxd4 8. cxd4
f6 9. exf6 Nxf6 10. Nc3 Bd6 11. Bb5 O-O 12. O-O Qc7 13. h3 Bd7 14. Re1 Rae8 15.
Be3 a6 16. Bf1 Re7 17. Rc1 Be8 18. Ne5 Qb8 19. Bf4 Ne4 20. Nxe4 Rxf4 21. Nxd6
Qxd6 22. Nxc6 Bxc6 23. g3 Re4 24. Qd2 Rxe1 25. Rxe1 e5 26. dxe5 Rxe5 27. Qf4
Re6 28. Qxd6 Rxd6 29. f4 d4 30. Kf2 Bd5 31. a3 Rb6 32. b4 Rc6 33. Rd1 Rc2+ 34.
Ke1 Bc4 35. Rxd4 Rc1+ 36. Kd2 Rxf1 37. Rxc4 h5 38. Ke3 h4 39. gxh4 Rh1 40. a4
Rxh3+ 41. Ke4 Rxh4 42. Rc8+ Kf7 43. Kf5 Rh5+ 44. Kg4 Rh1 45. Rc7+ Kf6 46. Rxb7
Rg1+ 47. Kf3 Rb1 48. Ke4 Re1+ 49. Kd5 Rf1 50. Rb6+ Kf5 51. Rxa6 Rxf4 52. b5 g5
53. Ra8 Rb4 54. Kc5 Rb1 55. a5 1-0

[Event "Sparkassen-Open A"]
[Site "Heusenstamm, Martinsee"]
[Date "2015.11.27"]
[Round "3.9"]
[White "Junker, Christian"]
[Black "Wieczorek, Oskar"]
[Result "0-1"]
[WhiteElo "2016"]
[BlackElo "2428"]
[PlyCount "88"]
[EventDate "2015.??.??"]
[WhiteTeam "SV Neu-Isenburg"]
[BlackTeam "SC Heusenstamm"]

1. Nf3 c5 2. g3 g6 3. d3 Bg7 4. Bg2 Nc6 5. e4 e6 6. O-O Nge7 7. c3 d5 8. Nbd2
b6 9. Re1 dxe4 10. dxe4 Ba6 11. Bf1 Bxf1 12. Nxf1 O-O 13. Qe2 Qc7 14. e5 Rad8
15. h4 h5 16. a3 Qd7 17. Bf4 Qd3 18. N1d2 Qxe2 19. Rxe2 Rd3 20. Kg2 Na5 21. Ne4
Rfd8 22. Nd6 Nf5 23. Ne1 Rd5 24. b4 Nxd6 25. bxa5 Nc4 26. axb6 axb6 27. Nf3 Rd3
28. Rc2 R8d5 29. a4 Nxe5 30. Nxe5 Bxe5 31. Bxe5 Rxe5 32. Rb1 Re4 33. Ra2 Rd6
34. Rb5 Rc4 35. Ra3 Kg7 36. a5 bxa5 37. Raxa5 Rd5 38. Ra3 Rd3 39. Rbb3 e5 40.
Kf1 e4 41. Ke2 Rf3 42. Ke1 e3 43. fxe3 Rxe3+ 44. Kf2 Rd3 0-1

[Event "Sparkassen-Open A"]
[Site "Heusenstamm, Martinsee"]
[Date "2015.11.27"]
[Round "3.10"]
[White "Weichhold, Pawel"]
[Black "Spiegel, Stefan"]
[Result "1-0"]
[WhiteElo "2413"]
[BlackElo "2137"]
[PlyCount "73"]
[EventDate "2015.??.??"]
[WhiteTeam "SC Heusenstamm"]
[BlackTeam "SC Viernheim"]

1. e4 Nf6 2. e5 Nd5 3. Nc3 Nxc3 4. dxc3 d6 5. exd6 Qxd6 6. Bd3 Nc6 7. Qe2 Be6
8. Nf3 Bg4 9. Be3 Ne5 10. Be4 c6 11. h3 Nxf3+ 12. Bxf3 Bxf3 13. Qxf3 Qd5 14.
Qg3 Qd6 15. f4 b6 16. O-O O-O-O 17. a4 Kb7 18. a5 b5 19. a6+ Ka8 20. Qf3 Qc7
21. Rfd1 Rd6 22. Bc5 Rf6 23. Qd3 Rd6 24. Bxd6 exd6 25. c4 b4 26. Kh1 Be7 27.
Ra4 Rb8 28. Raa1 Rd8 29. c3 bxc3 30. bxc3 Bf6 31. Qf3 Qb6 32. Rdb1 Qc5 33. Ra4
Re8 34. Rab4 g6 35. Rb7 Qxc4 36. Qe3 Qf1+ 37. Kh2 1-0

[Event "Sparkassen-Open A"]
[Site "Heusenstamm, Martinsee"]
[Date "2015.11.27"]
[Round "3.12"]
[White "Kropp, Volker"]
[Black "Solonar, Stefan"]
[Result "0-1"]
[WhiteElo "2002"]
[BlackElo "2341"]
[PlyCount "66"]
[EventDate "2015.??.??"]
[WhiteTeam "SV Mainz-Mombach"]
[BlackTeam "SC Heusenstamm"]

1. d4 Nf6 2. Nf3 d6 3. g3 Nbd7 4. Bg2 e5 5. O-O g6 6. c4 Bg7 7. Nc3 O-O 8. e3
Re8 9. b3 c6 10. Bb2 e4 11. Nd2 d5 12. cxd5 cxd5 13. b4 Nf8 14. Qb3 h5 15. Rfc1
h4 16. Qc2 hxg3 17. hxg3 Ne6 18. Nb5 Qb6 19. a4 a6 20. Nc7 Nxc7 21. Qxc7 Qxb4
22. Bc3 Qe7 23. Ba5 Qe6 24. Nb3 Qf5 25. Nc5 Ng4 26. Be1 Bh6 27. Rc3 Qh5 28.
Nxb7 a5 29. Nd6 Qh2+ 30. Kf1 Ba6+ 31. Nb5 Rec8 32. Qxa5 Rcb8 33. Qb4 Bxb5+ 0-1